[Event "Tourn. n10236"]
[Site "www.echecsemail.com"]
[Date "2020.01.09"]
[Round "1"]
[White "Bira47"]
[Black "Libiesse"]
[WhiteElo "2050"]
[BlackElo "2010"]
[Result "0-1"]
[Round "1"]
1.c4 c5
2.g3 g6
3.Bf1g2 Bf8g7
4.Nb1c3 Nb8c6
5.a3 Ng8f6
6.h3 O-O
7.e3 e6
8.Ng1e2 a6
9.O-O b6
10.d4 cxd4
11.exd4 Bc8b7
12.b4 Qd8c7
13.Bc1f4 Qc7c8
14.Ra1c1 Nc6e7
15.Nc3a4 Bb7xg2
16.Kxg2 Qc8b7
17.f3 d5
18.c5 bxc5
19.Na4xc5 Qb7b5
20.Ne2c3 Qb5b6
21.Nc3a4 Qb6b5
22.Bf4d6 Ne7f5
23.Rf1e1 Nf5xd6
24.Na4c3 Qb5b6
25.g4 h6
26.Qd1e2 Nd6c4
27.Nc3b1 Rf8d8
28.h4 Nf6e8
29.Qe2f2 Ne8d6
30.f4 Nd6b5
31.a4 Nb5xd4
32.Nc5b3 Nd4xb3
33.Qf2xb6 Nc4xb6
34.Rc1c2 Nb6c4
35.Re1e2 Nb3d4
36.Rc2d2 Nd4xe2
37.Rd2xe2 Ra8b8
 { time }
0-1

[Event "Match"]
[Site "www.echecsemail.com"]
[Date "2020.01.09"]
[Round "1"]
[White "Ztornad"]
[Black "Stevep84"]
[WhiteElo "1960"]
[BlackElo "2270"]
[Result "0-1"]
[Round "1"]
1.e4 c6
2.Ng1e2 d5
3.exd5 cxd5
4.d4 Bc8f5
5.Ne2c3 Nb8c6
6.Qd1f3 e6
7.Bf1d3 Nc6xd4
8.Qf3d1 Ng8f6
9.Bd3xf5 Nd4xf5
10.O-O Bf8d6
11.Nb1d2 Qd8c7
12.g3 O-O-O
13.Nd2f3 h5
14.Nc3e2 h4
15.Ne2f4 hxg3
16.h4 gxf2
17.Rf1xf2 Bd6xf4
18.Bc1d2 Bf4xd2
19.Rf2xd2 Nf6e4
20.Rd2h2 Qc7c5
21.Kf1 Nf5e3
22.Ke2 Ne3xd1
23.Ra1xd1 Qc5xc2
24.Ke1 Qc2c5
25.Kf1 Qc5e3
26.Nf3g1 Qe3f4
27.Kg2 Qf4f2
28.Kh3 Qf2g3

0-1

[Event "1/32 Finale"]
[Site "www.chess-mail.com"]
[Date "2020.01.09"]
[Round "1"]
[White "Gvladutz"]
[Black "Vega"]
[WhiteElo "2480"]
[BlackElo "2510"]
[Result "0-1"]
[Round "1"]
1.e4 e5
2.Ng1f3 Nb8c6
3.Bf1b5 a6
4.Bb5a4 Ng8f6
5.O-O b5
6.Ba4b3 Bf8e7
7.Rf1e1 O-O
8.c3 d6
9.h3 Nf6h5
10.d4 Nh5f6
11.a4 Bc8d7
12.Bc1g5 h6
13.Bg5h4 b4
14.Bh4g3 Nf6h5
15.Bg3h2 bxc3
16.Nb1xc3 exd4
17.Nf3xd4 Nc6xd4
18.Qd1xd4 Ra8b8
19.Bb3c4 c6
20.a5 Rb8xb2
21.Nc3a4 Rb2b7
22.Bc4xa6 c5
23.Qd4d3 Rb7a7
24.Na4b6 Be7f6
25.Ra1d1 Bf6d4
26.Nb6xd7 Qd8xd7
27.Ba6b5 Qd7e6
28.a6 Qe6f6
29.Re1e2 Rf8d8
30.Re2a2 Qf6e7
31.Bb5c6 Qe7c7
32.Qd3b5 Nh5f6
33.Rd1b1 Rd8c8
34.Bc6b7 Rc8b8
35.Ra2e2 Nf6d7
36.Re2e1 Nd7e5
37.Re1c1 g5
38.Bh2g3 Kg7
39.Rc1d1 Ne5g6
40.Qb5b6 Qc7xb6
41.Rb1xb6 Ra7xa6
42.Rb6xa6 Rb8xb7
43.Bg3xd6 Rb7b2
44.Rd1f1 Ng6f4
45.Ra6c6 Rb2c2
46.Kh1 Nf4d3
47.f3 c4
48.Rc6c8 h5
49.Kh2 Bd4e3
50.Rc8c6 h4
51.Bd6c7 Nd3b4
52.Bc7e5 Kh7
53.Rc6f6 Nb4d3
54.Be5c7 Kg7
55.Rf6a6 Be3f4
56.Bc7xf4 Nd3xf4
57.Rf1g1 c3
58.Ra6a5 Kg6
59.Ra5a3 Kf6
60.Ra3a7 Rc2d2
61.Ra7a5 c2
62.Ra5c5 Nf4e6
63.Rc5c3 Ne6d4
64.Rg1c1 Kg6
65.Rc1h1 Rd2d1
66.Rc3c7 Kf6
67.Rc7c5 Ke6
68.Rc5c3 Ke5
69.Rc3c7 f6
70.Rc7c5 Kf4
71.Rc5c3 Rd1b1
72.Rc3c5 Ke3
73.Rc5c3 Kd2
74.Rc3xc2 Kxc2
75.Rh1xb1 Kxb1
76.Kg1 Nd4e2
77.Kf2 Ne2f4
78.g3 Nf4xh3
79.Kg2 Nh3f4
80.gxf4 gxf4
81.Kh3 Kc2
82.Kxh4 Kd2
83.Kh3 Ke2
84.Kg2 Ke3
85.Kf1 Kxf3
86.Kg1 Ke2
87.Kh2 f3
{ resign }
0-1

[Event "Tourn. n10225"]
[Site "www.echecsemail.com"]
[Date "2020.01.10"]
[Round "1"]
[White "Ditto"]
[Black "Francesco"]
[WhiteElo "1950"]
[BlackElo "2080"]
[Result "0-1"]
[Round "1"]
1.e4 c6
2.Bf1c4 d5
3.exd5 cxd5
4.Bc4b3 Bc8f5
5.d4 e6
6.Ng1f3 Ng8f6
7.Nf3e5 Nb8d7
8.Bc1f4 Bf8b4
9.c3 Bb4a5
10.O-O O-O
11.Nb1d2 Ba5c7
12.Bf4g5 Qd8b8
13.Nd2f3 Nf6e4
14.Bg5f4 Nd7xe5
15.dxe5 f6
16.Nf3h4 Bc7xe5
17.Bf4xe5 Qb8xe5
18.Nh4f3 Qe5d6
19.Nf3d4 Bf5g6
20.Nd4b5 Qd6b6
21.Nb5d4 Ra8c8
22.Qd1g4 Bg6f5
23.Qg4e2 a6
24.Ra1d1 Bf5g6
25.Qe2g4 Ne4c5
26.Rf1e1 Nc5xb3
27.Nd4xb3 Bg6f5
28.Qg4g3 Bf5c2
29.Rd1d4 Bc2xb3
30.Rd4b4 Qb6a5
31.axb3 e5
32.Rb4xb7 Rf8f7
33.Qg3g4 f5
34.b4 fxg4
35.bxa5 Rf7xb7
36.b4 { time. }
0-1

[Event "Match"]
[Site "www.echecsemail.com"]
[Date "2020.01.10"]
[Round "1"]
[White "Mb20"]
[Black "Gilliere"]
[WhiteElo "1809"]
[BlackElo "2080"]
[Result "1-0"]
[Round "1"]
1.d4 Ng8f6
2.c4 e6
3.Ng1f3 Bf8b4
4.Bc1d2 Bb4xd2
5.Nb1xd2 O-O
6.e4 d6
7.Bf1d3 Nb8d7
8.O-O b6
9.e5 dxe5
10.dxe5 Nf6e8
11.h4 Bc8b7
12.Bd3xh7 Kxh7
13.Nf3g5 Kg6
14.Qd1c2 Kh6
15.Qc2h7 
1-0

[Event "Tourn. n10238"]
[Site "www.echecsemail.com"]
[Date "2020.01.10"]
[Round "1"]
[White "Jerome"]
[Black "Asoka"]
[WhiteElo "2780"]
[BlackElo "2680"]
[Result "1/2-1/2"]
[Round "1"]
1.e4 e5
2.Ng1f3 Nb8c6
3.Bf1b5 a6
4.Bb5a4 b5
5.Ba4b3 Ng8f6
6.O-O Bc8b7
7.d3 Bf8c5
8.a4 O-O
9.c3 h6
10.d4 Bc5b6
11.dxe5 Nf6xe4
12.Bb3d5 Ne4xf2
13.Rf1xf2 Bb6xf2
14.Kxf2 d6
15.axb5 axb5
16.Ra1xa8 Bb7xa8
17.exd6 Qd8xd6
18.Bd5b3 Qd6f6
19.Qd1e2 Nc6a5
20.Bb3c2 Na5c4
21.Nb1d2 Qf6b6
22.Nf3d4 Nc4d6
23.Qe2d3 f5
24.b4 c5
25.bxc5 Qb6xc5
26.Kg1 Rf8e8
27.Nd2b3 Qc5e5
28.Qd3g3 Qe5xg3
29.hxg3 Ba8e4
30.Bc2d1 Be4d5
31.Bd1f3 Nd6e4
32.Bf3xe4 Re8xe4
33.Bc1d2 Bd5xb3
34.Nd4xb3 Kf7
35.Kf2 g5
36.Kf3 Kg6
37.Nb3c5 Re4e8
38.Nc5d3 Re8d8
39.Ke2 Kh5
40.Nd3f2 Rd8c8
41.Nf2d3 { draw }
1/2-1/2

[Event "Match"]
[Site "www.echecsemail.com"]
[Date "2020.01.10"]
[Round "1"]
[White "Koudelka"]
[Black "Lukasvojta"]
[WhiteElo "2279"]
[BlackElo "1799"]
[Result "1-0"]
[Round "1"]
1.e4 e5
2.Ng1f3 d6
3.d4 exd4
4.Nf3xd4 c6
5.b4 c5
6.Nd4b5 a6
7.Nb5xd6 Qd8xd6
8.Qd1xd6 Bf8xd6
9.h3 Bc8e6
10.a3 Bd6c7
11.Bc1g5 h6
12.Bg5e3 f5
13.f3 fxe4
14.fxe4 Ng8f6
15.Nb1c3 g6
16.Be3xc5 Bc7g3
17.Ke2 Nb8c6
18.Ra1e1 Rh8f8
19.Rh1g1 Ra8d8
20.Bc5xf8 Kxf8
21.Re1c1 Be6g4
22.Ke3 Ke7
23.Rc1d1 Rd8xd1
24.Nc3xd1 Nc6xb4
25.hxg4 Nf6xg4
26.Kf3 Ng4f6
27.Rg1h1 Nf6d5
28.exd5 g5
29.Rh1xh6 Ke8
30.Bf1b5 Ke7
31.Rh6h7 { resign }
1-0

[Event "Fast Game"]
[Site "www.echecsemail.com"]
[Date "2020.01.10"]
[Round "1"]
[White "Lukasvojta"]
[Black "Koudelka"]
[WhiteElo "1599"]
[BlackElo "1599"]
[Result "0-1"]
[Round "1"]
1.e4 Ng8f6
2.Nb1c3 d5
3.d3 c6
4.f3 e5
5.Bc1e3 Nf6xe4
6.Nc3xe4 dxe4
7.fxe4 Nb8d7
8.Be3g5 Qd8xg5
9.h3 Bf8c5
10.Ng1e2 f6
11.Qd1d2 Qg5xd2
12.Kxd2 g6
13.d4 exd4
14.Ne2xd4 Bc5xd4
15.Ra1e1 Bd4f2
16.Re1e2 Bf2d4
17.b3 Kf7
18.h4 g5
19.hxg5 fxg5
20.Re2f2 Kg6
21.Bf1e2 Nd7f6
22.Be2h5 Kg7
23.c3 Bd4xf2
24.Rh1g1 Bf2xg1
25.g4 Nf6xh5
26.gxh5 Bg1c5
27.Ke2 Bc8g4
28.Ke1 Rh8e8
29.c4 Re8xe4
{ resign }
0-1

[Event "Tourn. n10258"]
[Site "www.echecsemail.com"]
[Date "2020.01.11"]
[Round "1"]
[White "Coolant"]
[Black "Marbachess"]
[WhiteElo "2330"]
[BlackElo "2560"]
[Result "0-1"]
[Round "1"]
1.f4 d5
2.Ng1f3 g6
3.d4 Bf8g7
4.Nb1d2 Ng8f6
5.e3 c5
6.Bf1b5 Bc8d7
7.Qd1e2 a6
8.Bb5xd7 Nb8xd7
9.O-O O-O
10.Nf3e5 Ra8c8
11.c3 Qd8c7
12.g4 Rf8d8
13.g5 Nf6e8
14.Nd2f3 Ne8d6
15.Bc1d2 Nd7xe5
16.fxe5 Nd6e4
17.Bd2e1 Qc7b6
18.Be1f2 Qb6e6
19.Kh1 h5
20.Nf3d2 Ne4xg5
21.Bf2h4 Bg7h6
22.Rf1g1 Ng5h3
23.Rg1g3 cxd4
24.cxd4 Rc8c2
25.Qe2g2 Rd8c8
26.Ra1d1 Rc2xd2
27.Qg2xd2 Qe6f5
28.Kg2 Rc8c2
29.Rg3xh3 Qf5g4
{ resign }
0-1

[Event "Tourn. n10271"]
[Site "www.echecsemail.com"]
[Date "2020.01.11"]
[Round "1"]
[White "Bigrezi"]
[Black "Asoka"]
[WhiteElo "2300"]
[BlackElo "2700"]
[Result "0-1"]
[Round "1"]
1.e4 e5
2.Ng1f3 Nb8c6
3.d4 exd4
4.Nf3xd4 Bf8c5
5.Bc1e3 Qd8f6
6.c3 Ng8e7
7.Qd1d2 O-O
8.Nd4xc6 Qf6xc6
9.Bf1d3 d5
10.Be3xc5 Qc6xc5
11.O-O Bc8e6
12.b4 Qc5d6
13.Qd2e3 Ra8d8
14.e5 Qd6b6
15.Qe3e2 d4
16.a3 a5
17.c4 axb4
18.axb4 Qb6xb4
19.Nb1d2 Be6f5
20.Rf1b1 Bf5xd3
21.Qe2xd3 Qb4c3
22.Qd3xc3 dxc3
23.Nd2f3 Rd8a8
24.Nf3d4 Ne7g6
25.Nd4f3 c2
26.Rb1c1 Ra8xa1
27.Rc1xa1 Rf8d8
28.Ra1c1 Rd8d1
{ resign }
0-1

[Event "Match"]
[Site "www.echecsemail.com"]
[Date "2020.01.11"]
[Round "1"]
[White "Gilliere"]
[Black "Sorim"]
[WhiteElo "2080"]
[BlackElo "2240"]
[Result "1-0"]
[Round "1"]
1.e4 e5
2.Ng1f3 Nb8c6
3.Bf1b5 a6
4.Bb5a4 Ng8f6
5.O-O Bf8e7
6.Ba4xc6 dxc6
7.d3 Bc8g4
8.h3 Bg4xf3
9.Qd1xf3 O-O
10.Nb1c3 Nf6d7
11.a3 c5
12.Nc3d5 Be7d6
13.Bc1e3 c6
14.Nd5c3 b5
15.Qf3e2 f5
16.exf5 Rf8xf5
17.Nc3e4 Bd6e7
18.g4 Rf5f7
19.b3 Qd8f8
20.Be3g5 h6
21.Bg5xe7 Qf8xe7
22.f3 Qe7h4
23.Qe2g2 Ra8f8
24.Ne4d6 Rf7e7
25.a4 Nd7f6
26.Nd6f5 { resign }
1-0

[Event "Tourn. n10258"]
[Site "www.echecsemail.com"]
[Date "2020.01.11"]
[Round "1"]
[White "D4minance"]
[Black "Galiany17"]
[WhiteElo "2880"]
[BlackElo "2570"]
[Result "1-0"]
[Round "1"]
1.d4 Ng8f6
2.c4 e6
3.g3 d5
4.Ng1f3 Bf8e7
5.Bf1g2 O-O
6.O-O dxc4
7.Qd1c2 a6
8.a4 Bc8d7
9.Qc2xc4 Bd7c6
10.Bc1f4 Be7d6
11.Qc4c1 Nb8d7
12.Rf1e1 Rf8e8
13.Nb1c3 Bc6xf3
14.Bg2xf3 Bd6xf4
15.Qc1xf4 c6
16.b4 e5
17.dxe5 Nd7xe5
18.Bf3g2 Qd8e7
19.Re1d1 Ra8d8
20.Ra1b1 b5
21.Rd1xd8 Qe7xd8
22.Rb1d1 Qd8e7
23.Qf4d4 Re8c8
24.Nc3e4 Nf6xe4
25.Qd4xe4 bxa4
26.Rd1a1 Qe7d6
27.Bg2f1 Ne5d7
28.Ra1xa4 c5
29.Qe4b7 Rc8b8
30.Ra4xa6 cxb4
31.Ra6xd6 Rb8xb7
32.Bf1g2 Rb7a7
33.Bg2c6 Nd7f8
34.Bc6e4 Ra7e7
35.Rd6d4 b3
36.Rd4b4 g6
37.Be4d3 Nf8e6
38.Rb4xb3 Kg7
39.Rb3c3 Re7a7
40.h4 h5
41.Kg2 Kf6
42.Rc3c6 Ra7a3
43.Rc6a6 Ra3c3
44.Bd3b1 Rc3c7
45.Bb1a2 Ke7
46.f3 Ne6c5
47.Ra6a5 Nc5e6
48.Kf2 Rc7c3
49.Ra5a7 Kf6
50.Ra7d7 g5
51.hxg5 Ne6xg5
52.Ba2d5 Rc3c5
53.f4 Ng5e6
54.e4 Rc5c2
55.Kf1 Rc2c5
56.e5 Kg6
57.Bd5e4 Kg7
58.Be4f5 Kf8
59.Bf5xe6 fxe6
60.Kg2 Rc5c1
61.Rd7h7 Rc1c3
62.Rh7xh5 Rc3c2
63.Kf3 Rc2c3
64.Kg4 Kg7
65.Rh5h1 Rc3b3
66.Rh1a1 Rb3c3
67.Ra1a7 Kg6
68.Ra7e7 { resign }
1-0

[Event "Match"]
[Site "www.echecsemail.com"]
[Date "2020.01.11"]
[Round "1"]
[White "Picifarkinca"]
[Black "Andychesston"]
[WhiteElo "1800"]
[BlackElo "1760"]
[Result "0-1"]
[Round "1"]
1.e4 e5
2.f4 Nb8c6
3.Ng1f3 d5
4.exd5 Qd8xd5
5.Nb1c3 Qd5c5
6.fxe5 Bc8g4
7.Bf1e2 O-O-O
8.Nc3e4 Qc5b6
9.Ne4f2 Bg4xf3
10.Be2xf3 Nc6xe5
11.O-O Bf8c5
12.d3 Ng8e7
13.Bc1f4 Ne5xf3
14.Qd1xf3 Rh8e8
15.b4 Bc5d6
16.Bf4e3 Qb6b5
17.c4 Qb5f5
18.Qf3h3 Qf5xh3
19.Nf2xh3 Bd6e5
20.Ra1d1 Be5d4
21.Be3xd4 Rd8xd4
22.Rf1xf7 Ne7c6
23.b5 Nc6b4
24.Nh3f2 Nb4xa2
25.Rf7xg7 Na2c3
26.Rd1f1 Nc3e2
27.Kh1 Rd4h4
28.g3 Rh4h5
29.Nf2g4 Ne2xg3
30.Kg2 Ng3xf1
31.Kxf1 Rh5f5
{ resign }
0-1

[Event "Tourn. n10265"]
[Site "www.echecsemail.com"]
[Date "2020.01.11"]
[Round "1"]
[White "Szustan"]
[Black "Krystek23"]
[WhiteElo "2640"]
[BlackElo "2440"]
[Result "1-0"]
[Round "1"]
1.e4 c5
2.c3 e6
3.Ng1f3 Nb8c6
4.d4 cxd4
5.cxd4 Qd8c7
6.Nb1c3 a6
7.Bf1d3 d6
8.Bc1e3 Ng8f6
9.O-O Bf8e7
10.Ra1c1 Qc7b8
11.d5 exd5
12.Nc3xd5 Be7d8
13.Be3g5 Bc8e6
14.Bg5xf6 Bd8xf6
15.Nd5xf6 gxf6
16.Bd3c2 Rh8g8
17.Bc2a4 Kf8
18.Qd1d2 Qb8d8
19.Ba4xc6 bxc6
20.Rc1xc6 d5
21.Rf1d1 Kg7
22.exd5 Be6d7
23.Rc6d6 Qd8c7
24.Qd2f4 Rg8e8
25.Qf4xf6 Kg8
26.Nf3e5 Re8xe5
27.Qf6xe5 Ra8e8
28.Rd6g6 hxg6
29.Qe5xc7 Bd7b5
30.d6 { resign }
1-0

[Event "Match"]
[Site "www.echecsemail.com"]
[Date "2020.01.11"]
[Round "1"]
[White "Koudelka"]
[Black "Sonic17"]
[WhiteElo "2319"]
[BlackElo "1809"]
[Result "1-0"]
[Round "1"]
1.e4 d5
2.exd5 Qd8xd5
3.d4 Qd5xa2
4.Ra1xa2 Bc8f5
5.Bf1d3 Bf5xd3
6.cxd3 f6
7.Ng1f3 e5
8.dxe5 fxe5
9.Nf3xe5 Nb8c6
10.Bc1f4 { resign }
1-0

[Event "Tourn. n10262"]
[Site "www.echecsemail.com"]
[Date "2020.01.11"]
[Round "1"]
[White "Amaya"]
[Black "Andychesston"]
[WhiteElo "2030"]
[BlackElo "1790"]
[Result "0-1"]
[Round "1"]
1.d4 d5
2.e3 Ng8f6
3.Bf1d3 Nb8c6
4.c3 g6
5.f4 Bc8g4
6.Ng1f3 Bf8g7
7.Nb1d2 O-O
8.O-O e6
9.Qd1e1 Nf6h5
10.Nf3e5 Nc6xe5
11.fxe5 c6
12.e4 dxe4
13.Nd2xe4 Bg4f5
14.Bc1g5 f6
15.exf6 Bf5xe4
16.Bd3xe4 Nh5xf6
17.Qe1d1 Qd8a5
18.Qd1b3 Qa5xg5
{ resign }
0-1

[Event "Match"]
[Site "www.echecsemail.com"]
[Date "2020.01.12"]
[Round "1"]
[White "Koudelka"]
[Black "Aders1"]
[WhiteElo "2279"]
[BlackElo "2330"]
[Result "1-0"]
[Round "1"]
1.e4 g6
2.Nb1c3 Bf8g7
3.d4 c6
4.Ng1f3 d5
5.exd5 cxd5
6.Bf1b5 Nb8c6
7.O-O Bc8g4
8.Qd1d3 Bg4xf3
9.Qd3xf3 Ng8f6
10.Bc1g5 e6
11.Nc3a4 O-O
12.c3 h6
13.Bg5h4 g5
14.Bh4g3 Nf6e4
15.Qf3e3 a6
16.Bb5d3 Ne4xg3
17.Qe3xg3 b5
18.Na4c5 Qd8b8
19.Qg3h3 Qb8c7
20.a4 b4
21.Nc5xa6 Qc7b6
22.Na6c5 Rf8d8
23.Nc5xe6 fxe6
24.Qh3xe6 Kh8
25.Qe6g6 Kg8
26.f4 { resign }
1-0

[Event "Tourn. n10265"]
[Site "www.echecsemail.com"]
[Date "2020.01.12"]
[Round "1"]
[White "Rons"]
[Black "Szustan"]
[WhiteElo "2560"]
[BlackElo "2640"]
[Result "1/2-1/2"]
[Round "1"]
1.e4 e5
2.Ng1f3 Nb8c6
3.Bf1b5 a6
4.Bb5a4 Ng8f6
5.O-O Nf6xe4
6.d4 b5
7.Ba4b3 d5
8.dxe5 Bc8e6
9.Qd1e2 Bf8e7
10.Rf1d1 Ne4c5
11.c4 d4
12.cxb5 d3
13.Qe2f1 Nc5xb3
14.axb3 axb5
15.Ra1xa8 Qd8xa8
16.Qf1xd3 O-O
17.Qd3xb5 h6
18.Qb5a4 Qa8b7
19.Qa4e4 Be6xb3
20.Rd1d7 Rf8b8
21.Nb1c3 Be7f8
22.h3 Bb3e6
23.Rd7d1 Be6b3
24.Nf3d4 Nc6xd4
25.Qe4xb7 Rb8xb7
26.Rd1xd4 Kh7
27.Rd4d8 Bf8e7
28.Rd8d7 Be7c5
29.Nc3e4 Bc5b6
30.Bc1d2 Bb3e6
31.Rd7d8 Rb7a7
32.Kh2 c6
33.Rd8e8 Kg6
34.Bd2c3 Be6d5
35.f3 Bb6e3
{ draw }
1/2-1/2

[Event "Match"]
[Site "www.echecsemail.com"]
[Date "2020.01.12"]
[Round "1"]
[White "Koudelka"]
[Black "Chessplayer0"]
[WhiteElo "2349"]
[BlackElo "1809"]
[Result "1-0"]
[Round "1"]
1.e4 f6
2.Qd1h5 g6
3.Qh5d5 e6
4.Qd5d3 d5
5.f3 f5
6.Qd3e3 dxe4
7.fxe4 fxe4
8.Qe3xe4 Bf8d6
9.Bf1c4 e5
10.Bc4xg8 Rh8xg8
11.Ng1f3 Nb8c6
12.d4 Nc6xd4
13.Nf3xd4 c5
14.Nd4b5 a6
15.Nb5xd6 Kf8
16.Bc1g5 Qd8d7
17.Rh1f1 Kg7
18.Qe4xe5 { resign }
1-0

[Event "Tourn. n10230"]
[Site "www.echecsemail.com"]
[Date "2020.01.12"]
[Round "1"]
[White "Ff333"]
[Black "Churrasca"]
[WhiteElo "2000"]
[BlackElo "2240"]
[Result "0-1"]
[Round "1"]
1.e4 c5
2.Ng1f3 d6
3.Bf1b5 Bc8d7
4.Qd1e2 Nb8c6
5.O-O Ng8f6
6.h3 e6
7.e5 Nc6xe5
8.Nf3xe5 dxe5
9.Bb5xd7 Qd8xd7
10.Qe2xe5 Bf8d6
11.Qe5c3 O-O
12.d3 Nf6d5
13.Qc3d2 Ra8e8
14.c4 Nd5f6
15.Nb1c3 a6
16.Nc3e4 Nf6xe4
17.dxe4 Re8d8
18.Rf1d1 Qd7c7
19.g3 Bd6xg3
20.Qd2e2 Bg3xf2
21.Kxf2 Qc7h2
22.Kf3 Qh2xh3
23.Kf2 Rd8xd1
24.Qe2xd1 Qh3h2
25.Ke3 Qh2g3
26.Ke2 f5
27.Qd1d3 Qg3g2
28.Ke1 fxe4
29.Qd3e2 Qg2g1
30.Kd2 Rf8f2
31.b3 Rf2xe2
32.Kxe2 h5
33.Kd2 e3
34.Ke2 Qg1f2
35.Kd3 e2
36.Bc1d2 Kh7
37.Ra1e1 h4
38.Re1xe2 Qf2f3
39.Re2e3 Qf3f2
40.Re3xe6 h3
{ resign }
0-1

[Event "Match"]
[Site "www.echecsemail.com"]
[Date "2020.01.12"]
[Round "1"]
[White "Peterpawn"]
[Black "Libiesse"]
[WhiteElo "1949"]
[BlackElo "2060"]
[Result "1-0"]
[Round "1"]
1.e4 c5
2.Ng1f3 e6
3.d4 cxd4
4.Nf3xd4 a6
5.f4 Nb8c6
6.Nb1c3 Bf8b4
7.Nd4xc6 bxc6
8.Bc1d2 Qd8a5
9.a3 { resign }
1-0

[Event "Tourn. n10196"]
[Site "www.echecsemail.com"]
[Date "2020.01.13"]
[Round "1"]
[White "Jerome"]
[Black "Gvladutz"]
[WhiteElo "2480"]
[BlackElo "2490"]
[Result "1-0"]
[Round "1"]
1.e4 c5
2.Ng1f3 Nb8c6
3.d4 cxd4
4.Nf3xd4 Qd8c7
5.Nb1c3 e6
6.g3 d6
7.Bf1g2 Bc8d7
8.Nd4b5 Qc7b8
9.Bc1f4 Nc6e5
10.Qd1d4 Bd7xb5
11.Nc3xb5 a6
12.Ra1d1 axb5
13.Bf4xe5 Ng8f6
14.Be5xf6 gxf6
15.Qd4xf6 Rh8g8
16.Qf6f3 Qb8c7
17.O-O Qc7xc2
18.Rd1c1 Qc2xb2
19.Rc1c7 Bf8e7
20.Rf1c1 Kf8
21.Rc1c3 Ra8e8
22.Rc7xb7 Rg8g5
23.Bg2f1 b4
24.Rc3c4 d5
25.exd5 Rg5xd5
26.Rc4f4 Qb2g7
27.Bf1c4 Rd5d6
28.Kg2 Re8d8
29.Bc4b3 Qg7g6
30.Qf3e3 Be7f6
31.Qe3c5 Bf6e7
32.Qc5e5 f5
33.Rf4xb4 Be7f6
34.Qe5e1 Bf6d4
35.Rb7c7 Bd4b6
36.Rb4xb6 Rd6xb6
37.Qe1e5 Kg8
38.Bb3c4 f4
39.Qe5xf4 Rb6d6
40.Qf4e5 Qg6g4
41.h3 Qg4g6
42.h4 Qg6g4
43.Kh2 Qg4g6
44.h5 Qg6h6
45.Kg2 Rd6d5
46.Bc4xd5 Rd8xd5
47.Rc7c8 Kf7
48.Qe5c7 Kf6
49.g4 Rd5d2
50.Qc7c3 Kf7
51.Qc3e5 Rd2d5
52.Qe5c7 Kf6
53.Rc8g8 Rd5d2
54.g5 Qh6xg5
55.Rg8xg5 Kxg5
56.Qc7c1 { resign }
1-0

[Event "Match"]
[Site "www.echecsemail.com"]
[Date "2020.01.13"]
[Round "1"]
[White "Apdash"]
[Black "Goofy"]
[WhiteElo "2230"]
[BlackElo "2370"]
[Result "0-1"]
[Round "1"]
1.e4 d6
2.d4 Ng8f6
3.Nb1c3 Nb8d7
4.Bf1c4 e5
5.Bc1g5 Bf8e7
6.Ng1f3 c6
7.Qd1e2 Qd8c7
8.dxe5 dxe5
9.Bc4b3 Nd7c5
10.O-O-O Nc5xb3
11.cxb3 b5
12.Kb1 a5
13.Rd1d2 Bc8a6
14.Qe2d1 b4
15.Nc3a4 Nf6xe4
16.Bg5xe7 Ne4xd2
17.Qd1xd2 Qc7xe7
18.Nf3xe5 O-O
19.f4 f6
20.Ne5f3 Rf8d8
21.Qd2c1 Ba6b5
22.Na4c5 Rd8d5
23.Rh1e1 Qe7xc5
{ resign }
0-1

[Event "Tourn. n10241"]
[Site "www.echecsemail.com"]
[Date "2020.01.13"]
[Round "1"]
[White "Foxy100"]
[Black "Gvladutz"]
[WhiteElo "2450"]
[BlackElo "2480"]
[Result "1-0"]
[Round "1"]
1.e4 e5
2.Ng1f3 Nb8c6
3.Bf1c4 Bf8c5
4.c3 Ng8f6
5.d3 O-O
6.O-O d6
7.Nb1d2 a6
8.Bc4b3 b5
9.h3 Bc5b6
10.Rf1e1 Nc6a5
11.Bb3c2 c5
12.Nd2f1 h6
13.Nf1g3 Na5c6
14.Nf3h4 Bc8e6
15.Qd1f3 Bb6a5
16.Nh4f5 Nc6d4
17.Nf5xh6 Kh7
18.cxd4 Ba5xe1
19.d5 gxh6
20.Qf3e3 Nf6g8
21.dxe6 Be1a5
22.exf7 Rf8xf7
23.Ng3f5 Rf7f6
24.Bc2b3 Ba5b6
25.Qe3g3 Rf6g6
26.Qg3f3 Qd8f8
27.a4 Ra8b8
28.g4 Ng8e7
29.Kg2 bxa4
30.Ra1xa4 Bb6d8
31.Bb3c4 a5
32.b3 Rg6f6
33.Bc1d2 Bd8c7
34.h4 Kh8
35.Qf3e3 d5
36.Bc4xd5 Ne7xd5
37.exd5 Rb8xb3
38.h5 Qf8d8
39.Qe3e4 Rb3b4
40.Bd2xb4 cxb4
41.d4 exd4
42.Qe4xd4 Bc7b6
43.Qd4e5 Bb6c7
44.Qe5e4 Qd8d7
45.Ra4a2 Bc7d8
46.Ra2e2 Rf6f8
47.f3 Qd7f7
48.d6 Bd8f6
49.Nf5xh6 Qf7h7
50.Nh6f5 b3
51.Qe4d3 Qh7f7
52.Qd3d2 b2
53.Qd2h6 Kg8
54.Re2xb2 Rf8e8
55.Rb2b7 Re8e2
56.Kh3 Qf7xb7
57.Qh6xf6 Qb7xf3
58.Kh4 Re2h2
59.Kg5 Rh2xh5
60.Kxh5 Qf3h3
61.Kg5 { resign }
1-0

[Event "Tourn. n10243"]
[Site "www.echecsemail.com"]
[Date "2020.01.13"]
[Round "1"]
[White "Tartan"]
[Black "Sorim"]
[WhiteElo "2480"]
[BlackElo "2310"]
[Result "1-0"]
[Round "1"]
1.e4 e5
2.Ng1f3 Nb8c6
3.Bf1b5 a6
4.Bb5a4 Ng8f6
5.O-O d6
6.Rf1e1 Bf8e7
7.c3 O-O
8.h3 Bc8e6
9.d4 Nc6b8
10.Ba4c2 exd4
11.cxd4 d5
12.e5 Nf6d7
13.Qd1d3 g6
14.Bc1h6 Rf8e8
15.Nb1c3 Be7f8
16.Bh6g5 Bf8e7
17.Bg5xe7 Qd8xe7
18.Qd3d2 c5
19.dxc5 Qe7xc5
20.Bc2b3 Nd7b6
21.Ra1c1 Qc5b4
22.Bb3xd5 Re8d8
23.Qd2h6 Qb4f8
24.Qh6xf8 Rd8xf8
25.Bd5xb7 Ra8a7
26.Bb7e4 Nb8d7
27.Be4d3 Nb6c4
28.b3 Nc4b6
29.Nc3e2 Nb6d5
30.Ne2d4 Nd5b4
31.Bd3b1 Be6d5
32.Re1d1 Nd7b6
33.a3 Bd5xf3
34.Nd4xf3 Nb4d5
35.Bb1e4 Nd5f4
36.Rc1c6 Nb6c8
37.b4 Kg7
38.g3 { resign }
1-0

[Event "Match"]
[Site "www.echecsemail.com"]
[Date "2020.01.13"]
[Round "1"]
[White "Koudelka"]
[Black "Aiko1603"]
[WhiteElo "1809"]
[BlackElo "2060"]
[Result "1-0"]
[Round "1"]
1.e4 c5
2.Ng1f3 Nb8c6
3.Nb1c3 g6
4.d4 cxd4
5.Nf3xd4 Bf8g7
6.Nd4xc6 bxc6
7.Bf1c4 d6
8.Qd1f3 Ng8f6
9.O-O Bc8g4
10.Qf3g3 e5
11.f4 exf4
12.Bc1xf4 O-O
13.Bf4xd6 Rf8e8
14.e5 Nf6d5
15.Qg3xg4 Nd5e3
16.Rf1xf7 Ne3xg4
17.Rf7f8 
1-0

[Event "Tourn. n10234"]
[Site "www.echecsemail.com"]
[Date "2020.01.13"]
[Round "1"]
[White "Reignblowcan"]
[Black "Krystek23"]
[WhiteElo "2610"]
[BlackElo "2380"]
[Result "1-0"]
[Round "1"]
1.Ng1f3 Ng8f6
2.c4 c5
3.d4 cxd4
4.Nf3xd4 Nb8c6
5.g3 g6
6.Bf1g2 Bf8g7
7.O-O O-O
8.Nb1c3 Nc6xd4
9.Qd1xd4 a6
10.Bc1e3 d6
11.Qd4d2 Nf6g4
12.Be3f4 e5
13.Bf4g5 f6
14.h3 fxg5
15.hxg4 Bc8xg4
16.Ra1d1 Qd8e7
17.Qd2xd6 Ra8e8
18.Bg2e4 Bg4h3
19.Qd6xe7 Re8xe7
20.Rf1e1 Bh3e6
21.b3 b6
22.Rd1d6 Rf8b8
23.Nc3a4 b5
24.Na4c5 Be6f5
25.Be4d5 Kh8
26.e4 Bf5g4
27.Nc5xa6 Rb8c8
28.cxb5 Bg7f8
29.b6 Re7e8
30.Rd6f6 Rc8c2
31.b7 Bf8e7
32.Rf6b6 h5
33.b8Q Re8xb8
34.Rb6xb8 Kh7
35.Na6b4 Be7xb4
36.Rb8xb4 Rc2xa2
37.Rb4b7 Kh8
38.Re1c1 Ra2a8
39.Rc1c7 Ra8a1
40.Kh2 Ra1h1
41.Kxh1 Bg4f3
42.Kh2 { resign }
1-0

[Event "Match"]
[Site "www.echecsemail.com"]
[Date "2020.01.13"]
[Round "1"]
[White "Gimmyg"]
[Black "Apdash"]
[WhiteElo "2570"]
[BlackElo "2280"]
[Result "1-0"]
[Round "1"]
1.b3 e5
2.Bc1b2 Nb8c6
3.e3 d5
4.Bf1b5 Bc8d7
5.Bb5xc6 Bd7xc6
6.Bb2xe5 Qd8g5
7.Ng1f3 Qg5d8
8.O-O Ng8f6
9.c4 dxc4
10.bxc4 Bf8d6
11.d4 O-O
12.d5 Bd6xe5
13.Nf3xe5 Bc6d7
14.Qd1d4 Bd7f5
15.Nb1c3 Rf8e8
16.f4 Nf6g4
17.Ne5xg4 Bf5xg4
18.f5 Bg4h5
19.g4 Qd8g5
20.Rf1f4 f6
21.Nc3e4 Re8xe4
22.Rf4xe4 Bh5f7
23.Re4e7 h5
24.Re7xc7 hxg4
25.Ra1f1 g3
26.h4 Qg5h6
27.Kg2 Ra8e8
28.Rf1f3 Re8e5
29.d6 Bf7h5
30.Rf3xg3 Re5xf5
31.d7 { resign }
1-0

[Event "Tourn. n10276"]
[Site "www.echecsemail.com"]
[Date "2020.01.13"]
[Round "1"]
[White "Fantomas"]
[Black "Scasan55"]
[WhiteElo "2210"]
[BlackElo "2030"]
[Result "1/2-1/2"]
[Round "1"]
1.e4 c5
2.Ng1f3 d6
3.d4 cxd4
4.Nf3xd4 Ng8f6
5.Nb1c3 a6
6.Bf1d3 e6
7.O-O Bf8e7
8.Bc1e3 O-O
9.Nd4b3 b5
10.Qd1e2 Bc8b7
11.f3 Nb8c6
12.Qe2f2 Nc6e5
13.Bd3e2 Ra8c8
14.Ra1c1 Ne5c4
15.Be2xc4 Rc8xc4
16.Be3b6 Qd8c8
17.Nb3a5 Rc4b4
18.Na5xb7 Qc8xb7
19.b3 d5
20.a3 d4
21.Bb6xd4 Rb4xd4
22.Qf2xd4 Rf8c8
23.Qd4d3 Be7xa3
24.Rc1d1 Qb7c6
25.Nc3b1 Ba3c5
26.Kh1 Bc5b6
27.c3 h6
28.b4 e5
29.Qd3d6 Qc6b7
30.Qd6xe5 { draw }
1/2-1/2

[Event "Match"]
[Site "www.echecsemail.com"]
[Date "2020.01.13"]
[Round "1"]
[White "Ericleo1980"]
[Black "Apdash"]
[WhiteElo "1950"]
[BlackElo "2180"]
[Result "0-1"]
[Round "1"]
1.e4 c5
2.Ng1f3 d6
3.d4 cxd4
4.Nf3xd4 Nb8c6
5.Nb1c3 a6
6.Bf1c4 Ng8f6
7.Bc4b3 Nc6xd4
8.Qd1xd4 Bc8d7
9.Bc1g5 e5
10.Qd4d3 Bd7c6
11.Ra1d1 h6
12.Bg5xf6 Qd8xf6
13.Nc3d5 Bc6xd5
14.Bb3xd5 Ra8b8
15.Qd3b3 Qf6e7
16.Bd5c6 Kd8
17.Bc6d5 Qe7g5
18.O-O Qg5e7
19.Bd5xf7 g5
20.Bf7d5 Qe7c7
21.Rd1d3 Bf8e7
22.Rd3c3 Qc7d7
23.Bd5e6 Qd7b5
24.Qb3xb5 axb5
25.a3 h5
26.h3 Be7f8
27.Rf1d1 Ke7
28.Be6f5 Kf6
29.Rc3c7 Bf8e7
30.Rd1d5 g4
31.hxg4 hxg4
32.Bf5xg4 Rh8h4
33.Bg4f3 Rb8h8
34.g3 Rh4h7
35.Rd5xb5 Rh8b8
36.Rb5xb7 Rb8xb7
37.Rc7xb7 Rh7g7
38.b4 Rg7g8
39.a4 Rg8c8
40.Bf3d1 Rc8c4
41.f3 d5
42.exd5 { time. }
0-1